[Event "GER-chT Nord-Ost U20 U20 1112"]
[Site "Germany"]
[Date "2012.05.13"]
[Round "9"]
[White "Polutskyi, Sergii"]
[Black "Raulin, Kian"]
[Result "1/2-1/2"]
[WhiteElo "1645"]
[BlackElo "1732"]
[PlyCount "157"]
[EventDate "2011.09.24"]
[EventType "team-tourn"]
[EventRounds "9"]
[EventCountry "GER"]
[SourceTitle "EXT 2015"]
[Source "ChessBase"]
[SourceDate "2014.11.20"]
[SourceVersion "1"]
[SourceVersionDate "2014.11.20"]
[SourceQuality "1"]

1. d4 d5 2. c4 c6 3. e3 Nf6 4. h3 Bf5 5. Nc3 e6 6. Nf3 Bb4 7. Be2 Ne4 8. Bd2 Nxd2 9. Qxd2 Nd7 10. a3 Ba5 11. b4 Bc7 12. 0-0 0-0 13. Bd3 dxc4 14. Bxc4 Nb6 15. Bd3 Bxd3 16. Qxd3 Nd5 17. e4 Nf4 18. Qe3 Ng6 19. e5 Nh4 20. Nxh4 Qxh4 21. Rfd1 Bb6 22. a4 a6 23. Ne4 Rad8 24. Nc5 Rd5 25. Rac1 Qe7 26. a5 Ba7 27. Qf4 Rfd8 28. Qg4 Qc7 29. Ra1 h6 30. Ra3 Qe7 31. h4 Bb8 32. Rad3 Ba7 33. h5 Qg5 34. Qh3 Qe7 35. Qe3 Qh4 36. Qh3 Qxh3 37. gxh3 b6 38. axb6 Bxb6 39. Nb7 R8d7 40. Nd6 a5 41. bxa5 Bxa5 42. Rc1 Bb4 43. Rxc6 Bxd6 44. exd6 R7xd6 45. Rxd6 Rxd6 46. Kg2 Rd5 47. Kg3 Rxh5 48. f4 Rb5 49. Kg4 Kh7 50. Rc3 Rb4 51. Rd3 Kg6 52. d5 f5+ 53. Kg3 exd5 54. Rxd5 Rb3+ 55. Kh4 Rf3 56. Rd6+ Kf7 57. Rd7+ Kf6 58. Rd6+ Ke7 59. Rd4 Ke6 60. Rc4 Re3 61. Rc6+ Kf7 62. Rc7+ Kf6 63. Rc6+ Re6 64. Rc4 Re4 65. Rc6+ Kf7 66. Kg3 g5 67. Rxh6 Rxf4 68. h4 Rg4+ 69. Kh3 Rg1 70. Kh2 Kg7 71. Kxg1 Kxh6 72. hxg5+ Kxg5 73. Kf1 Kf4 74. Kf2 Ke4 75. Ke2 f4 76. Kf2 f3 77. Kf1 Ke3 78. Ke1 f2+ 79. Kf1 1/2-1/2

[Event "GER-chT Nord-Ost U20 U20 1112"]
[Site "Germany"]
[Date "2012.03.10"]
[Round "7.5"]
[White "Polutskyi, Sergii"]
[Black "Lange, Philipp"]
[Result "1-0"]
[WhiteElo "1645"]
[BlackElo "1630"]
[PlyCount "39"]
[EventDate "2011.09.24"]
[EventType "team-tourn"]
[EventRounds "9"]
[EventCountry "GER"]
[SourceTitle "EXT 2015"]
[Source "ChessBase"]
[SourceDate "2014.11.20"]
[SourceVersion "1"]
[SourceVersionDate "2014.11.20"]
[SourceQuality "1"]

1. d4 d5 2. c4 e6 3. Nc3 Nf6 4. Nf3 c6 5. e3 Bd6 6. Bd3 Nbd7 7. e4 dxc4 8. Bxc4 Bb4 9. Bg5 Qa5 10. Bd2 0-0 11. 0-0 e5 12. a3 Bd6 13. Nb5 Qd8 14. Nxd6 Nb6 15. Nxf7 Rxf7 16. Bxf7+ Kxf7 17. Qb3+ Ke8 18. Nxe5 Qe7 19. Bb4 Qc7 20. f4 1-0